000 00399nam a2200157Ia 4500
005 20250508154927.0
008 008 250505s9999 xx 000 0 eng d
037 _aBooks to be hide in OPAC
040 _aFEDL
_beng
_cFEDL
041 _aeng
_2eng
084 _a745, ART/O
_qFEDL
245 0 _aArt and craft
300 _a45p.
942 _cHB
_h745, ART/O
999 _c1352903
_d1352903